000 01410cam a2200277 4500
001 ABS63193
008 000000n2000 000 0 eng u
035 _a(Sirsi) u109490
100 _aSmith, P
245 _aConditional security for business tenancies
260 _c2000
490 _aRent Review and Lease Renewal
_vSeptember(3), 123-131(5)
520 _aConsiders the Landlord and Tenant Act 1954 Part II in the context of landlord opposition to new tenancy. The landlord of premises held on a business tenancy can oppose new tenancy if he has clear intention to demolish or reconstruct the premises, or occupy them for business or personal use. Investigates the intention issue in detail, with reference to "Aberdeen Steak Houses Group Ltd v Crown Estate Commissioners' and other recent case law. Highlights the difference between 'desire' and 'intention', and looks at the intention and real chance tests. Case law
590 _aABS
650 _aLANDLORD AND TENANT ACT 1954 PART II
650 _aNEW TENANCIES
650 _aDEMOLITION
650 _aRECONSTRUCTION
650 _aCOPPIN AND OTHERS V BRUCE-SMITH
650 _aABERDEEN STEAK HOUSES GROUP LTD V CROWN ESTATE COMMISSIONERS
650 _aCADOGAN AND ANOTHER V MCCARTHY & STONE DEVELOPMENTS LTD
650 _aINTENTION TEST
650 _aINTENTION
690 _aLANDLORD AND TENANT-BUSINESS TENANCIES
942 _n0
999 _c65369
_d65369